Justice League Members Ever - Statistics

General Stats
  • This quiz has been taken 976 times
  • The average score is 33 of 72
Answer Stats
Hero % Correct
Batman
100%
Superman
99%
Wonderwoman
98%
Flash
96%
Aquaman
89%
Martian Manhunter
88%
Green Arrow
87%
Hawk
85%
Cyborg
83%
Hawkman
83%
Hawkgirl
82%
Black Canary
79%
Hal Jordan
79%
Nightwing
79%
Supergirl
76%
Atom
74%
Shazam
74%
Zatanna
74%
Doctor Fate
68%
Blue Beetle
67%
Fire
67%
John Stewart
67%
Plastic Man
66%
Red Tornado
62%
Captain Atom
58%
Dove
57%
Elongated Man
57%
Firestorm
57%
Booster Gold
56%
Ice
56%
Vixen
53%
Huntress
50%
Steel
47%
Black Lightning
42%
Stargirl
42%
The Question
42%
Atom Smasher
38%
Metamorpho
38%
Mr. Terrific
34%
Swamp Thing
34%
Wildcat
33%
Big Barda
30%
Doctor Light
30%
Arsenal
29%
Vigilante
28%
Hourman
27%
Mr. Miracle
27%
Zatara
27%
Animal Man
25%
Orion
25%
Phantom Stranger
25%
Rocket Red
25%
Shining Knight
25%
Doctor Mid-Nite
24%
Etrigan
23%
S.T.R.I.P.E
22%
Blue Devil
21%
Adam Strange
17%
Crimson Fox
17%
Icon
17%
The Ray
17%
Aztek
15%
Crimson Avenger
15%
Guardian
15%
Obsidian
15%
B'wana Beast
13%
Commander Steel
13%
Creeper
13%
Jonah Hex
11%
Bronze Tiger
9%
Agent Liberty
7%
Congorilla
7%
No matching quizzes found
Score Distribution
Percent of People with Each Score
Percentile by Number Answered
Your Score History
You have not taken this quiz